000 01215nab a2200397 4500
003 BR-BrBNA
005 20250619212732.0
008 250619b bl.||||| |||| 00| 0 por d
040 _aBR-BrBNA
_bpor
072 _aE13 ; E10 ; E14 ; E20 ; C20 ; E70
100 _aAndrade, Lívia
100 _aVital, Nicholas
245 _aUm bom negócio para sua fazenda
_bAgronegócios
500 _a10 illus.
650 _aPROPRIEDADE RURAL
650 _aAGRONEGÓCIO
650 _aPRODUÇÃO AGROPECUÁRIA
650 _aECONOMIA AGRÍCOLA
650 _aINVESTIMENTO
650 _aPISCICULTURA
650 _aSILVICULTURA
650 _aOVINOCULTURA
650 _aJACARÉ
650 _aHORTALIÇA
650 _aLEGUME
650 _aTURISMO RURAL
650 _aALIMENTO ORGÂNICO
650 _aPLANEJAMENTO
650 _aGESTÃO DA PROPRIEDADE
650 _aASSISTÊNCIA TÉCNICA
650 _aAGREGAÇÃO DE VALOR
650 _aRENTABILIDADE
773 0 _01706
_9347885
_dSão Paulo-SP Editora Três Ltda - E-mail: luizfsa@revistadinheiro.com.br 2004
_o2025-0384
_tDinheiro Rural (Brazil)
_x1807-3700
_gv. 6(58) p. 50-58; (Aug 2009)
_wBR2025003567
942 _cANA
999 _c332142
_d332142